01009 a2200181 4500001000500000005001700005008004100022003001500063040004000078080010400118245003200222020002200254264003200276300001700308505035800325100002000683856012400703542720260407155436.0260407a2009 arg spa dAR-UNSa-BCEJYS aAR-UNSa-BCEJYSbspacAR-UNSa-BCEJYS a347.736xQuiebra. Insolvencia. Suspensión de pagos. Bancarrota, procedimientos. Derecho Concursal10aDerecho concursal comparado a978-987-1221-52-3 1aBuenos Aires :bLegisc2009 a2 v.c25 cm. aVol. 1: 1. Alemania -- 2. Argentina -- 3. Brasil -- 4. Chile -- 5. Colombia -- 6. España -- 7. Estados Unidos -- Vol. 2: 8. Francia -- 9. Italia -- 10. México -- 11. Perú -- 12. Portugal -- 13. Uruguay -- 14. Reestructuración extrajudicial -- 15. La ciencia de la economía, el nuevo derecho concursal y su desempeño frente a la crisis global1 aDasso, Ariel A.41uhttps://biblioeco.unsa.edu.ar/pmb/images/libros/Derecho Concursal Comparado2-l118541.jpgyImagen de portadaqimage/jpeg